PLANTS, animals, and people : Agropastoral systems research

Bibliographic Details
Other Authors: McCorkle
Format: Book
Published: Boulder, Colorado : Westview Press , 1992
Series:Westview special studies in social, political, and economic development
Subjects:

MARC

LEADER 00000cam a2200000 7i4500
001 0000000488
005 20000823.0
020 0 0 |a 0813380979 
090 0 0 |a 306.349   |b PLA 1992 
245 0 0 |a PLANTS, animals, and people :   |b Agropastoral systems research   |c edited by Constance M. McCorkle 
260 0 0 |a Boulder, Colorado :   |b Westview Press ,   |c 1992 
300 |a xv, 196 p. :   |b ill., maps ;   |c 22 cm. 
440 0 0 |a Westview special studies in social, political, and economic development 
500 0 0 |a Includes bibliographical references and index 
650 0 0 |a Agropastoral systems   |x Developing countries 
650 0 0 |a Agropastoral systems   |x Research   |x Developing countries 
700 0 1 |a McCorkle   |h Constance M. 
999 |a 0000000350   |b Monograph   |c Open Shelf   |e Default branch